000 01249cam a2200349 i 4500
001 bg
003 KOSZ 005
005 20190729103936.0
008 030102s2002 pl a f f |001 0 pol
015 _aPB 2003/451
020 _a832042772X
040 _aWA N
_cKOSZ 005/HR
_dKOSZ 005/HR
041 0 _apol
080 _a519.61/.64
080 _a(075.8)
100 1 _aFortuna, Zenon.
245 1 0 _aMetody numeryczne /
_cZenon Fortuna, Bohdan Macukow, Janusz Wąsowski.
250 _aWyd. 6.
260 _aWarszawa :
_bWydawnictwa Naukowo-Techniczne,
_c2002.
300 _a383, [1] s. :
_bil. ;
_c24 cm.
490 1 _aPodręczniki Akademickie. Elektronika, Informatyka, Telekomunikacja.
504 _aBibliogr. Indeks.
521 8 _aDla studentów elektroniki, informatyki i telekomunikacji.
655 4 _aPodręczniki akademickie
650 4 _aAnaliza numeryczna
700 1 _aWąsowski, Janusz
_d(1941- ).
700 1 _aMacukow, Bohdan
_d(1946- ).
_eAutor
710 2 _aWydawnictwa Naukowo-Techniczne
_4pbl.
856 _uhttp://koha.tu.koszalin.pl/cgi-bin/koha/opac-detail.pl?biblionumber=42376
_yKatalog online BPK
830 0 _aPodręczniki Akademickie
_pEIT
942 _2UKD
_cKS
999 _c42376
_d42376